Catholic University of Zimbabwe Library
Online Public Access Catalogue
(OPAC)

Greek Antiquity in Schiller's "Wallenstein" (Record no. 26724)

MARC details
000 -LEADER
fixed length control field 01558cas a22004334a 4500
001 - CONTROL NUMBER
control field muse86592
003 - CONTROL NUMBER IDENTIFIER
control field MdBmJHUP
005 - DATE AND TIME OF LATEST TRANSACTION
control field 20210127151714.0
006 - FIXED-LENGTH DATA ELEMENTS--ADDITIONAL MATERIAL CHARACTERISTICS
fixed length control field m o d
007 - PHYSICAL DESCRIPTION FIXED FIELD--GENERAL INFORMATION
fixed length control field cr||||||||nn|n
008 - FIXED-LENGTH DATA ELEMENTS--GENERAL INFORMATION
fixed length control field 751101d19411949vtu o 00 0 eng d
010 ## - LIBRARY OF CONGRESS CONTROL NUMBER
Canceled/invalid LC control number sf 85001112
020 ## - INTERNATIONAL STANDARD BOOK NUMBER
International Standard Book Number 9781469656694
020 ## - INTERNATIONAL STANDARD BOOK NUMBER
Canceled/invalid ISBN 9781469656687
035 ## - SYSTEM CONTROL NUMBER
System control number (OCoLC)1155238981
040 ## - CATALOGING SOURCE
Original cataloging agency MdBmJHUP
Transcribing agency MdBmJHUP
043 ## - GEOGRAPHIC AREA CODE
Geographic area code n-us---
050 04 - LIBRARY OF CONGRESS CALL NUMBER
Classification number E172
Item number .A533
082 0# - DEWEY DECIMAL CLASSIFICATION NUMBER
Classification number 973.072
245 00 - TITLE STATEMENT
Title Greek Antiquity in Schiller's "Wallenstein"
300 ## - PHYSICAL DESCRIPTION
Extent 1 online resource (4 volumes)
506 0# - RESTRICTIONS ON ACCESS NOTE
Terms governing access Open Access
Standardized terminology for access restriction Unrestricted online access
Source of term star
588 ## - SOURCE OF DESCRIPTION NOTE
Source of description note Description based on print version record.
651 #0 - SUBJECT ADDED ENTRY--GEOGRAPHIC NAME
Geographic name United States.
Source of heading or term fast
Authority record control number or standard number (OCoLC)fst01204155
651 #0 - SUBJECT ADDED ENTRY--GEOGRAPHIC NAME
Geographic name United States
General subdivision History, Local
Form subdivision Periodicals.
655 #0 - INDEX TERM--GENRE/FORM
Genre/form data or focus term Periodicals.
Source of term lcgft
655 #0 - INDEX TERM--GENRE/FORM
Genre/form data or focus term Local history.
Source of term fast
Authority record control number (OCoLC)fst01411631
655 #0 - INDEX TERM--GENRE/FORM
Genre/form data or focus term Periodicals.
Source of term fast
Authority record control number (OCoLC)fst01411641
655 #7 - INDEX TERM--GENRE/FORM
Genre/form data or focus term Electronic books.
Source of term local
710 2# - ADDED ENTRY--CORPORATE NAME
Corporate name or jurisdiction name as entry element American Association for State and Local History.
776 18 - ADDITIONAL PHYSICAL FORM ENTRY
Relationship information Online version:
Title State and local history news
International Standard Serial Number 2373-342X
Record control number (DLC) 2014200198
-- (OCoLC)646185054
785 00 - SUCCEEDING ENTRY
Title History news
Qualifying information (Nashville)
International Standard Serial Number 0363-7492
Record control number (DLC) 51004632
-- (OCoLC)1752160
710 2# - ADDED ENTRY--CORPORATE NAME
Corporate name or jurisdiction name as entry element Project Muse.
Relator term distributor
830 #0 - SERIES ADDED ENTRY--UNIFORM TITLE
Uniform title Book collections on Project MUSE.
856 40 - ELECTRONIC LOCATION AND ACCESS
Public note Full text available:
Uniform Resource Identifier <a href="https://muse.jhu.edu/book/75719/">https://muse.jhu.edu/book/75719/</a>
Holdings
Withdrawn status Lost status Source of classification or shelving scheme Damaged status Not for loan Home library Current library Shelving location Date acquired Total Checkouts Full call number Date last seen Uniform Resource Identifier Price effective from Koha item type
          Digital Library Digital Library Online Access 27.01.2021   E172 .A533 27.01.2021 https://muse.jhu.edu/book/75719/ 27.01.2021 eBook

OPENING HOURS

Weekdays: 0815hrs - 1800hrs
Weekends:0900hrs - 1200hrs

Closed for Mass:

Mon, Thur: 1200hrs - 1300hrs
Sunday & Public Holiday’s

CALL SUPPORT

0242-570570, 0242-570169
09200664, +263 8644140602

LOCATION

18443, Cranborne Avenue, Hatfield, Harare

Other Links


©2021 | CUZ Library